01177nam a2200241Ia 4500952010700000952010700107999001700214008004100231020001500272050002000287100004400307245008500351250001900436260003600455300003700491500002300528504003200551505023500583519004500818519004500863650002000908942000700928 00104070a04b04d2010-10-11l2oK131 C37 1997p04 002797r2016-05-06s2016-05-04t1w2012-06-24yLB 00104070a04b04d2010-10-11l2oK131 C37 1997p04 002798r2017-09-26s2017-09-26t2w2012-06-24yLB c62617d62617120625s1997 mx 001 0 spa d a9700711390 4aK131 bC37 19971 aCardenas Elizondo, Franciscoe , autor 10aIntroducción al estudio del derecho fiscal c / Francisco Cárdenas Elizondo  a2a. edición  aMéxicob : Porrúa c , 1997 axvii, 413 páginas c ; 23 cm.  a1a. edición 1992 aBibliografía: pp. 403-4090 aLa actividad financiera del estado Derecho financiero, fiscal y tributario La norma jurídica fiscal Las fuentes del derecho fiscal La aplicación del derecho fiscal Los ingresos público El poder y la competencia fiscal  aMaterial Complementario / d(04 002797)  aMaterial Complementario / d(04 002798)  4aDERECHO FISCAL  cLB